000 00484nam a2200145 a 4500
001 000046299
005 20201002052755.0
008 150716s1992 dr ac 000 0 spa d
040 _aDO-SdBNP
_bspa
_cBNPHU
082 _axxxx
_bxxxx
100 1 _aSantos, Francisco Antonio
_961585
245 1 0 _a¡Ni continuidad neotrujillista ni retorno al tigueraje perredeista! /
_cFrancisco Antonio Santos.
260 _aSanto Domingo :
_b[s. n.],
_c1992.
300 _a[28] p. :
_bil., retrs. ;
_c14 cm.
999 _c45788
_d45788